Grémium je pripravené byť reprezentantom všetkých MVO

Podrobná bibliografia
Hlavní autori: Kadlecová, Jana (ain), Woleková, Helena, 1946- (Autor, uin)
Médium: Článok
Jazyk:slovenčina
Fyzický popis:Fotogr.
Predmet:

MARC

LEADER 00000nab a2200000 a 4500
001 vtls000705638
003 SK-MaSNL
005 20260302182121.0
008 180205c1999 xo 0 slo
015 |a SNBRB1999/10-24934 
035 |a CLN000057805 
040 |a SNKBUCL  |b slo  |c SNKBUCL  |e AACR2 
041 0 |a slo 
044 |a xo  |c SK 
080 |a 061.23(437.6)  |2 UDC-MRF-SK2 
100 1 |a Kadlecová, Jana  |4 ain  |9 520879 
245 1 0 |a Grémium je pripravené byť reprezentantom všetkých MVO  |c Helena Woleková, [zhovárala sa] Jana Kadlecová 
300 |b Fotogr. 
610 2 7 |a Grémium tretieho sektora (Slovensko)  |2 snkbucl  |9 29983 
655 7 |a články z novín a časopisov  |2 snkbucl  |9 267496 
700 1 |a Woleková, Helena,  |d 1946-  |4 aut  |4 uin  |9 107009 
773 0 |t NonProfit  |g Október (1999), s. 8-9 
850 |a Slovenská národná knižnica v Martine 
852 |a SNK  |b KIS3GCP 
958 |a RBX 
999 |c 1417082  |d 1419012